000 00436cam a2200181 4500
001 D14349
008 090401t xxu||||| |||| 00| 0 eng d
035 _a(Sirsi) u14977
041 _aeng
100 _aWalker-Smith, D.
245 4 _aThe standard form of building contract
260 _aLondon
_bCharles Knight & Co Ltd
_c1963?
350 _a0
520 _aShelf 136
700 _aCrose, Howard
942 _n0
948 _c04/03/1997
999 _c87235
_d87235